000 00808nam a2200277Ia 4500
005 20260320195838.0
008 008 262003s9999 xx 000 0 hin d
020 _a9789392757280
037 _aEBOOK
040 _aCRL
040 _bhin
040 _cCRL
041 _2hin
041 _ahin
084 _qCRL
100 _aमिर्जा शेख एतेसामुद्दीन, अनु. हैदर अली, हिफजुर रहमान, आनंदस्वरूप वर्मा
_91133294
245 0 _aविलायत के अजूबे
250 _a2nd
260 _bRajkamal
260 _c2022
300 _a176
856 _uhttps://ebook.indiaread.in/pdfs/9789392757280.pdf
942 _cEBOOK
999 _c1716816
_d1716816